Score 0/12 Timer 01:00
0 Plays Today
Clue Four Letter Word % Correct
Word Ladder 1DUCK
95.1%
Word Ladder 1LUCK
94.8%
Word Ladder 1DESK
93.2%
Word Ladder 1DUSK
92.3%
Word Ladder 1LUCY
87.5%
Word Ladder 2DONE
85.8%
Word Ladder 2DINE
78.2%
Word Ladder 2DING
74.2%
Word Ladder 1DESI
72.5%
Word Ladder 2BING
45.9%
Word Ladder 2DOPE
44.4%
Word Ladder 2HOPE
41.4%

Today's Daily Dose

Remove Ads.
Support Sporcle.
Get the best of Sporcle when you Go Orange. This ad-free experience offers more features, more stats, and more fun while also helping to support Sporcle. Thank you for becoming a member.

You're not logged in!

Compare scores with friends on all Sporcle quizzes.
OR
Log In

Show Comments

Extras

Top Quizzes Today


Score Distribution

Your Account Isn't Verified!

In order to create a playlist on Sporcle, you need to verify the email address you used during registration. Go to your Sporcle Settings to finish the process.

Report this User

Report this user for behavior that violates our Community Guidelines.

Details: